[Event "Mittelrhein Verbandsliga-W 17/18"]
[Site "Nordrheinwestfalen"]
[Date "2018.01.14"]
[Round "6.3"]
[White "Shirazi Beheshti, Seyed Taghi"]
[Black "Geerlings, Gerd"]
[Result "0-1"]
[WhiteElo "1816"]
[BlackElo "2035"]
[PlyCount "56"]
[EventDate "2017.09.10"]
[EventType "team-tourn"]
[EventRounds "11"]
[EventCountry "GER"]
[SourceTitle "EXT 2022"]
[Source "ChessBase"]
[SourceDate "2021.10.06"]
[SourceVersion "1"]
[SourceVersionDate "2021.10.06"]
[SourceQuality "1"]
[WhiteTeam "Aachen SV III"]
[BlackTeam "Eschweiler SC"]
[WhiteTeamCountry "GER"]
[BlackTeamCountry "GER"]

1. d4 Nf6 2. c4 d6 3. Nc3 e5 4. Nf3 Nbd7 5. e4 Be7 6. Qc2 0-0 7. d5 a5 8. h3 Nc5 9. Be3 b6 10. Be2 g6 11. Nd2 Ne8 12. g4 Bg5 13. Nf1 Bf4 14. Qd2 Qf6 15. h4 Bd7 16. g5 Bxe3 17. fxe3 Qe7 18. Ng3 f6 19. h5 fxg5 20. hxg6 hxg6 21. 0-0-0 g4 22. Rh6 Qg5 23. Rdh1 Nf6 24. Bd1 Be8 25. Qf2 Nd3+ 26. Kc2 Nxf2 27. Rh8+ Kg7 28. Rxf8 Nxh1 0-1

[Event "Mittelrhein Verbandsliga-W 17/18"]
[Site "Nordrheinwestfalen"]
[Date "2017.12.03"]
[Round "5.3"]
[White "Horbach, Fabian"]
[Black "Shirazi Beheshti, Seyed Taghi"]
[Result "1-0"]
[WhiteElo "1999"]
[BlackElo "1816"]
[PlyCount "52"]
[EventDate "2017.09.10"]
[EventType "team-tourn"]
[EventRounds "11"]
[EventCountry "GER"]
[SourceTitle "EXT 2022"]
[Source "ChessBase"]
[SourceDate "2021.10.06"]
[SourceVersion "1"]
[SourceVersionDate "2021.10.06"]
[SourceQuality "1"]
[WhiteTeam "Herzogenrath"]
[BlackTeam "Aachen SV III"]
[WhiteTeamCountry "GER"]
[BlackTeamCountry "GER"]

1. d4 d5 2. Nf3 Nf6 3. e3 Bg4 4. h3 Bh5 5. g4 Bg6 6. Ne5 Nfd7 7. Nxg6 hxg6 8. Bg2 e6 9. c4 c6 10. Nc3 Be7 11. Qe2 Nb6 12. b3 a5 13. 0-0 N8d7 14. e4 dxe4 15. Nxe4 Nf6 16. Bf4 Nxe4 17. Qxe4 Bf6 18. Rad1 Qe7 19. Rfe1 Rd8 20. Qe3 g5 21. Bg3 Nc8 22. d5 cxd5 23. cxd5 0-0 24. dxe6 Rxd1 25. exf7+ Qxf7 26. Rxd1 Ne7 1-0